|
|
|
|
| LEADER |
00000cam a2200000 7i4500 |
| 001 |
0000002290 |
| 005 |
20240925.0 |
| 008 |
240625 su a eng |
| 020 |
|
|
|a 047127559X (volume 2)
|
| 040 |
|
|
|a INS
|b eng
|e rda
|
| 090 |
0 |
0 |
|a RHD7286
|b .I16 1978
|
| 111 |
1 |
|
|a AHS International Conference on Housing Problems in Developing Countries
|d (1978
|c Dhahran, Saudi Arabia)
|
| 245 |
0 |
0 |
|a Housing problems in developing countries :
|b proceedings of IAHS International Conference, 1978
|c edited by Fahd H. Dakhil, Oktay Ural, Moneer F. Tewfik
|
| 264 |
|
1 |
|a Dhahran, Saudi Arabia :
|b University of Petroleum and Minerals
|a Chichester
|a New York :
|b John Wiley & Sons
|c 1998
|
| 300 |
|
|
|a 1 volume :
|b illustrations ;
|c 26 cm.
|
| 336 |
|
|
|a text
|2 rdacontent
|
| 337 |
|
|
|a unmediated
|2 rdamedia
|
| 338 |
|
|
|a volume
|2 rdacarrier
|
| 504 |
|
|
|a Includes bibliographical references and index
|
| 650 |
|
0 |
|a Dwellings
|z Developing countries
|x Congresses
|
| 650 |
|
0 |
|a Housing
|z Developing countries
|x Congresses
|
| 700 |
1 |
|
|a Dakhir, Fahd H. ,
|e editor
|
| 700 |
1 |
|
|a Tawfik, Moneer F. ,
|e editor
|
| 700 |
1 |
|
|a Ural, Oktay ,
|e editor
|
| 710 |
2 |
|
|a International Association for Housing Science
|
| 999 |
|
|
|a 0000000669
|b BOOK
|c Reference
|e Default branch
|